[Event "HUN-ch op"]
[Site "Gyor"]
[Date "1990.??.??"]
[Round "1"]
[White "Baburin, Alexander"]
[Black "Khan, E."]
[Result "1-0"]
[WhiteElo "2475"]
[BlackElo "2240"]
[PlyCount "137"]
[EventDate "1990.09.??"]
[EventType "swiss"]
[EventRounds "11"]
[EventCountry "HUN"]
[SourceTitle "EXT 1997"]
[Source "ChessBase"]
[SourceDate "1996.11.15"]
[SourceVersion "1"]
[SourceVersionDate "1996.11.15"]
[SourceQuality "1"]

1. d4 Nf6 2. c4 e5 3. dxe5 Ng4 4. Nf3 Bc5 5. e3 Nc6 6. Be2 0-0 7. 0-0 Re8 8. Nc3 Ngxe5 9. Nxe5 Nxe5 10. Kh1 d6 11. f4 Nc6 12. e4 Bd4 13. Bd3 Bxc3 14. bxc3 f5 15. exf5 Qf6 16. Rb1 Bxf5 17. Rxb7 Rec8 18. Be3 Rab8 19. Rb5 Bxd3 20. Qxd3 Qf7 21. Rf5 Qe6 22. Rg5 Re8 23. Bd4 Nxd4 24. Qxd4 g6 25. f5 Qe2 26. Rg1 Qe4 27. fxg6 Qxd4 28. gxh7+ Kxh7 29. cxd4 Re4 30. Rd5 Rb4 31. c5 Rbxd4 32. Rxd4 Rxd4 33. cxd6 cxd6 34. h3 Rd2 35. a4 Kg6 36. Rc1 Rd4 37. Rc6 a5 38. Kh2 Kg5 39. Ra6 Rxa4 40. Rxd6 Ra2 41. Rd5+ Kh4 42. Rc5 a4 43. Rd5 a3 44. Ra5 Rc2 45. Ra4+ Kh5 46. Rxa3 Rb2 47. Ra4 Kg5 48. h4+ Kh5 49. Kh3 Rb3+ 50. g3 Rb5 51. g4+ Kh6 52. Ra6+ Kg7 53. h5 Rb3+ 54. Kh4 Rb5 55. h6+ Kh7 56. g5 Rb4+ 57. Kh5 Rb5 58. Ra7+ Kh8 59. Re7 Rb8 60. g6 Rb5+ 61. Kg4 Rb8 62. Kg5 Rb5+ 63. Kf6 Rb8 64. g7+ Kg8 65. Re6 Kh7 66. Kf7 Rb7+ 67. Re7 Rb8 68. Re8 Rb7+ 69. Kf8 1-0